000 00471nam a2200169 i 4500
001 57686
003 ES-MaACL
005 20230906163625.0
007 t|
008 031017s1931 sp ||||1| spa d
100 1 _aDorsey, George A.
_945434
245 1 0 _aPor qué actuamos como seres humanos /
_cGeorge A. Dorsey.
260 _aBarcelona :
_bMiracle,
_c1931.
300 _a514 p. ;
_c22 cm.
500 _aTraducción de la 3ª ed. inglesa.
852 _aES-MaACL
_jA-488
999 _c57686
_d57686